MARC

LEADER 00000nam0a2200000 4500
001 107962
005 20231031115457.0
010 |a 3701711143 
035 |a (RuTPU)RU\TPU\book\116552 
090 |a 107962 
100 |a 20070111d1998 k y0gery50 ba 
101 0 |a ger 
102 |a DE 
105 |a a z 000zy 
200 1 |a Land der Hammer. Heimat Eisenwurzen 
210 |a Salzburg  |c Residenz Verlag  |d 1998 
215 |a 616 p.  |c il. 
610 1 |a железо 
610 1 |a металлы 
610 1 |a ковка художественная 
610 1 |a художественная обработка 
610 1 |a металлические изделия 
610 1 |a немецкий язык 
675 |a 739  |v 3 
801 1 |a RU  |b 63413507  |c 20070111  |g PSBO 
801 2 |a RU  |b 63413507  |c 20221220  |g PSBO 
942 |c BK